[Event "BCF-chT3 0102 (4NCL)"]
[Site "Birmingham"]
[Date "2002.01.19"]
[Round "5.5"]
[White "Lutton, Josiah Ezra"]
[Black "Milnes, John"]
[Result "1-0"]
[WhiteElo "2093"]
[BlackElo "1800"]
[PlyCount "71"]
[EventDate "2001.09.??"]
[EventType "team"]
[EventRounds "11"]
[EventCountry "ENG"]
[SourceTitle "EXT 2003"]
[Source "ChessBase"]
[SourceDate "2002.11.25"]
[SourceVersion "1"]
[SourceVersionDate "2002.11.25"]
[SourceQuality "1"]
[WhiteTeam "South County Stars"]
[BlackTeam "All Four Corners"]
[WhiteTeamCountry "ENG"]
[BlackTeamCountry "ENG"]

1. Nc3 d5 2. e4 d4 3. Nce2 e5 4. Ng3 Be6 5. Nf3 Nc6 6. Bb5 Bd6 7. d3 a6 8. Ba4 b5 9. Bb3 Bxb3 10. axb3 Nge7 11. 0-0 0-0 12. Nh4 Re8 13. Nhf5 Nxf5 14. Nxf5 Bf8 15. Qg4 Qf6 16. f4 Qg6 17. Qh3 f6 18. Rf3 Kh8 19. Qh4 Qf7 20. Rh3 g6 21. Nh6 Bxh6 22. Qxh6 Nb4 23. c3 Nc2 24. Rb1 Rad8 25. fxe5 Rxe5 26. Bf4 Rh5 27. Rxh5 gxh5 28. Rc1 Rg8 29. Bd2 Rg6 30. Qf4 Qxb3 31. Qxc7 Ne3 32. Qd8+ Kg7 33. Qd7+ Kg8 34. cxd4 Nc4 35. dxc4 Qf3 36. Qe8+ 1-0